00769nam a22002297a 4500003000400000005001700004008004100021010002400062020001100086035001300097035001400110037001600124040001500140082001700155245014100172260004000313270004300353300003000396650004700426650004700473700001900520dpl20240619115052.0240619b |||||||| |||| 00| 0 eng d aB-212117 ENG-140638 c450.00 aB-212117 aEN-124170 bCen Lib/Ret aDPLbENc0 a343.052bTAX aTaxtaion's income-tax act, 1961 :ceidted by B.B Bhargavabas amended by the finance act, 2007 & taxation laws (amendment) act, 2006 / / aNew DelhibShri B.B. Bhargavac2007 bNew Delhia1/1B Mohammedpur, e1100066 avarious pagingsc24cm(Hb) aIncome tax -- Law and legislation -- India aWealth tax -- Law and legislation -- India aBhargava, B.B.